000 02927nam2a2200349 4500
001 RU\NLR\BIBL_A\012492715
005 20210428151713.0
010 _a978-5-4492-0171-3
_9100
021 _aRU
_bКН-П-20-077323
_9КН-П-20-5839
035 _a(NLR Aleph) 012492715
090 _a12187981
_c12187981
100 _a20210401d2020 u y0rusy50 ca
101 0 _arus
102 _aRU
105 _aa j 000zy
200 1 _aНачала с 1.c3-d4
_eсистемы с 1.с3-d4. Дебюты: Жертва Мазурка, Игра Медкова, Игра Рамма-Цукерника, Игра Романычева, Кол, Отказанный кол, Новое начало (Игра Купермана), Отыгрыш, Отказанный отыгрыш, Центральная партия
_fВ. М. Высоцкий, С. Е. Кацтов, Е. Н. Кондраченко, Н. Н. Негра
210 _aМосква
_cКнигИздат
_d2020
215 _a232 с.
_cил.
300 _aНа обороте тит. с. авт.: междунар. мастер В. М. Высоцкий, гроссмейстер СЛШИ, мастер спорта С. Е. Кацтов, междунар. гроссмейстер Е. Н. Кондраченко, гроссмейстер Н. Н. Негра
320 _aБиблиогр.: с. 228-229
461 0 _1001RU\NLR\bibl\848807
_12001#$aДебютная энциклопедия по русским шашкам$fВ.М. Высоцкий, А.П. Горин$vТ. 6
_1700#1$aВысоцкий$bВ. М.$4070
_91399911
_aВысоцкий, В. М.
_cМосква
_d2005
_fВ.М. Высоцкий, А.П. Горин
_nВосток-издат
_tДебютная энциклопедия по русским шашкам
_vТ. 6
517 1 _aСистемы с 1.с3-d4. Дебюты: Жертва Мазурка, Игра Медкова, Игра Рамма-Цукерника, Игра Романычева, Кол, Отказанный кол, Новое начало (Игра Купермана), Отыгрыш, Отказанный отыгрыш, Центральная партия
517 1 _aДебюты: Жертва Мазурка, Игра Медкова, Игра Рамма-Цукерника, Игра Романычева, Кол, Отказанный кол, Новое начало (Игра Купермана), Отыгрыш, Отказанный отыгрыш, Центральная партия
701 1 _aВысоцкий
_bВ. М.
_gВиктор М.
701 1 _aКацтов
_bС. Е.
_f1962-
_gСергей Ефимович
701 1 _aКондраченко
_bЕ. Н.
701 1 _aНегра
_bН. Н.
_gНиколай Николаевич
942 _cBOOK
980 _aNBR
980 _aNB